[Event "FRA-ch op-A"]
[Site "Nimes"]
[Date "2009.08.11"]
[Round "1"]
[White "Girard, Eric"]
[Black "Atanane, Cedric"]
[Result "1-0"]
[WhiteElo "2150"]
[BlackElo "2045"]
[PlyCount "24"]
[EventDate "2009.08.11"]
[EventType "swiss"]
[EventRounds "11"]
[EventCountry "FRA"]
[SourceTitle "CBM 132 Extra"]
[Source "ChessBase"]
[SourceDate "2009.11.03"]
[SourceVersion "1"]
[SourceVersionDate "2009.11.03"]
[SourceQuality "1"]

1. c4 Nf6 2. Nc3 e6 3. e4 d5 4. e5 d4 5. exf6 dxc3 6. bxc3 Qxf6 7. Nf3 c5 8. Bd3 Bd7 9. Be4 Bc6 10. Qe2 h6 11. Rb1 Bd6 12. Rxb7 Bxe4 1-0

[Event "Cap d'Agde CCAS op"]
[Site "Cap d'Agde"]
[Date "2008.10.28"]
[Round "5"]
[White "Libiszewski, Fabien"]
[Black "Atanane, Cedric"]
[Result "1-0"]
[WhiteElo "2487"]
[BlackElo "2001"]
[PlyCount "43"]
[EventDate "2008.10.25"]
[EventType "swiss"]
[EventRounds "9"]
[EventCountry "FRA"]
[SourceTitle "CBM 127 Extra"]
[Source "ChessBase"]
[SourceDate "2009.01.08"]
[SourceVersion "2"]
[SourceVersionDate "2009.01.28"]
[SourceQuality "1"]

1. e4 e5 2. Nf3 Nc6 3. Bb5 a6 4. Ba4 Nf6 5. 0-0 Be7 6. Qe2 b5 7. Bb3 0-0 8. c3 d5 9. d3 Be6 10. Bg5 dxe4 11. dxe4 Bxb3 12. axb3 Qd7 13. Nbd2 Ng4 14. Bxe7 Qxe7 15. b4 Rfd8 16. Nb3 Rd6 17. Rfd1 Rad8 18. Rxd6 Qxd6 19. Nc5 Qh6 20. Nxa6 Ra8 21. Qxb5 f5 22. h3 1-0

[Event "Lyon op"]
[Site "Lyon"]
[Date "2007.11.01"]
[Round "4"]
[White "Strowsky, Yannick"]
[Black "Atanane, Cedric"]
[Result "1-0"]
[WhiteElo "2141"]
[BlackElo "1959"]
[PlyCount "49"]
[EventDate "2007.10.31"]
[EventType "swiss"]
[EventRounds "9"]
[EventCountry "FRA"]
[SourceTitle "EXT 2008"]
[Source "ChessBase"]
[SourceDate "2007.11.25"]
[SourceVersion "1"]
[SourceVersionDate "2007.11.25"]
[SourceQuality "1"]

1. e4 c5 2. Nc3 Nc6 3. f4 g6 4. Nf3 Bg7 5. Bb5 e6 6. Bxc6 bxc6 7. 0-0 Ne7 8. d3 d6 9. Qe1 0-0 10. Bd2 d5 11. e5 Nf5 12. Na4 a5 13. c4 dxc4 14. dxc4 Nd4 15. Rc1 Qe7 16. b3 Qa7 17. Be3 Rd8 18. Qf2 f6 19. Rcd1 fxe5 20. fxe5 Nxf3+ 21. Qxf3 Rf8 22. Qxf8+ Bxf8 23. Rxf8+ Kg7 24. Rdd8 Bb7 25. Nxc5 1-0